Engineering mathematics / (Record no. 37416)

MARC details
000 -LEADER
fixed length control field 00788nam a22002177a 4500
005 - DATE AND TIME OF LATEST TRANSACTION
control field 20100723145514.0
010 ## - LCCN (DPL NO)
LC control number ENG-96598
020 ## - INTERNATIONAL STANDARD BOOK NUMBER
International Standard Book Number 9878120339668
Terms of availability 350.00
035 ## - SYSTEM CONTROL NUMBER
System control number EN-80131
037 ## - SOURCE OF ACQUISITION
Source of stock number/acquisition DBAD/PUB
082 ## - DEWEY DECIMAL CLASSIFICATION NUMBER
Classification number 620.00151
100 ## - MAIN ENTRY--PERSONAL NAME
Personal name Srivastava, A.C.
245 ## - TITLE STATEMENT
Title Engineering mathematics /
Statement of responsibility, etc by A.C. Srivastava [and] P.K. Srivastava
260 ## - PUBLICATION, DISTRIBUTION, ETC. (IMPRINT)
Place of publication, distribution, etc New Delhi
Name of publisher, distributor, etc PHI Learning
Date of publication, distribution, etc 2010
270 ## - ADDRESS
Address M-97, Connaught Circus,
City New Delhi
Postal code 110001
300 ## - PHYSICAL DESCRIPTION
Extent V.1 (xi, 615p.)
Dimensions 24cm (pbk)
500 ## - GENERAL NOTE
General note Includes index
700 ## - ADDED ENTRY--PERSONAL NAME
Personal name Srivastava, P.K.
9 (RLIN) 1034
942 ## - ADDED ENTRY ELEMENTS (KOHA)
Source of classification or shelving scheme Dewey Decimal Classification
Item type English Books
Classification part 620.00151
Call number suffix SRI
Holdings
Withdrawn status Lost status Not for loan Collection code Home library Current library Date acquired Source of acquisition Cost, normal purchase price Full call number Barcode Copy number Cost, replacement price Koha item type
    Not For Loan Non-fiction D.B.Act.Division D.B.Act.Division 23/07/2010 DBAD/PUB 350.00 620.00151 SRI EN-80131 1 350.00 English Books

© Delhi Public Library
Hit Counter
free hit counter